Statistics for Countries by Namesake

Click here to take the quiz!

General Stats

  • This quiz has been taken 1,070 times
  • The average score is 14 of 20

Answer Stats

Named for this...Answer% Correct
Simon BolivarBolivia
97%
The Qin DynastyChina
96%
Christopher ColumbusColombia
91%
Amerigo VespucciUSA
90%
Chinese pronunciation of words meaning "sun origin"Japan
89%
Medieval state of RusRussia
89%
The equatorEcuador
87%
"White Russia"Belarus
85%
King Philip IIPhilippines
84%
The Angles (people)England
71%
Words meaning "the northward route"Norway
70%
Latin for "citizens of Rome"Romania
68%
Jacob (of the Bible)Israel
65%
The Aryans (people)Iran
60%
Iroquoian word for "village"Canada
58%
Word meaning "island"Iceland
54%
A tree whose name means "red" in PortugueseBrazil
49%
The ruling familySaudi Arabia
34%
"Land of high mountains" in TaínoHaiti
14%
Latin/French/Greek corruption of words meaning "land of the soul"Egypt
7%

Score Distribution

Percentile by Number Answered

Percent of People with Each Score

Your Score History

You have not taken this quiz